Normal view
MARC view
Entry Personal Name
001 - CONTROL NUMBER
- control field: 39157
003 - CONTROL NUMBER IDENTIFIER
- control field: dpl
005 - DATE AND TIME OF LATEST TRANSACTION
- control field: 20120113130359.0
008 - FIXED-LENGTH DATA ELEMENTS
- fixed length control field: 120113|||a|||||| | ||| d
040 ## - CATALOGING SOURCE
- Original cataloging agency: dpl
- Transcribing agency: dpl
100 ## - HEADING--PERSONAL NAME
- Personal name: Gupta, R.
670 ## - SOURCE DATA FOUND
- Source citation: Work cat.: (dpl): Gupta, R., R. Gupta's popular master guides BBS - BBM entrance examination : Bachelor of business studies management /, 2001
670 ## - SOURCE DATA FOUND
- Source citation: Work cat.: (dpl): Gupta, R., R. Gupta's popular master guides BBS - BBM entrance examination : Bachelor of business studies management /, 2001
